000 02642cam a2200385 4500500
005 20260426025651.0
041 _afre
042 _adc
100 1 0 _aWaintrater, Régine
_eauthor
245 0 0 _aDes Lumières à l'obscurité...
260 _c2005.
500 _a94
520 _aA partir de l’étude de deux œuvres majeures de la littérature concentrationnaire, l’auteur s’interroge sur les conditions de maintien du sentiment d’appartenance à l’humain dans les situations extrêmes. On étudiera ici la spécificité du phénomène génocidaire, dont la Shoah est le paradigme, et sa différence par rapport aux autres persécutions. L’hypothèse avancée est qu’en détruisant le pacte identificatoire qui lie le sujet à l’humanité, le génocide l’a définitivement privé du recours au groupe, indispensable pour le traitement du négatif et de la honte. Sans l’étayage du groupe, la tentative de penser le négatif se mue pour le sujet en une entreprise d’auto-destruction, qui aboutit à la désobjectalisation absolue, parfois jusqu’au suicide.
520 _aLight Brought into the Darkness. Robert Antelme and Jean Améry, Two Journeys In this article the author looks at two major works from the field of concentration camp literature to study how the feeling of belonging to humankind can be maintained in extreme conditions. We also look at the particularities of genocide of which the Holocaust is a paradigm and the difference between this and other types of persecution. The hypothesis presented is that by destroying the identification pact that bonds the Subject with the rest of humankind, genocide totally deprives the subject of any link with the group, a factor that is essential in dealing with negative feelings and shame. Without the support of the group, the attempts made to think through negative feelings become a process of self-destruction for the subject, which lead to dis-objectalisation and even to suicide.
690 _aDésappartenance
690 _aDésobjectalisation
690 _aGénocide
690 _aGroupe
690 _aHonte
690 _aIdéologie
690 _aNégatif
690 _aPacte identificatoire
690 _aShoah
690 _aDis-objectalisation
690 _aGenocide
690 _aGroup
690 _aHolocaust
690 _aIdentification Pact
690 _aIdeology
690 _aNegative
690 _aShame
690 _aUnbelonging
786 0 _nTopique | 92 | 3 | 2005-09-01 | p. 95-110 | 0040-9375
856 4 1 _uhttps://shs.cairn.info/revue-topique-2005-3-page-95?lang=fr&redirect-ssocas=7080
999 _c2227626
_d2227626